00512 2200169 4500001002100000005001500021035002000036007000300056008004100059100003000100245008400130250001100214260003900225300004600264650001600310600001600326INLIS00000000000062620221128103114 a0010-1122000220ta221128 a 0 ind 0 aTim Kitabah Dhiya'ul Ilmi1 aMasya Allah!!! Inilah Keajaiban Sains dalam Hadist /cTim Kitabah Dhiya'ul Ilmi aCet. I aSukoharjo :bPustaka Arafah,c2018 a54 halaman :bilustrasi berwarna ;c24 cm 4aAnak Muslim 4aBacaan Anak